300 Jahre Gräfe und Unzer
| Titel: | 300 Jahre Gräfe und Unzer |
|---|---|
| Teil: | Band 1. Sortiments- und Verlagsgeschichte von 1722 bis 1950 / Michael Knoche |
| Verfasser: | |
| Ausgabe: | 1. Auflage |
| Veröffentlicht: | München : GRÄFE UND UNZER Edition, 2022 |
| Umfang: | 368 Seiten : 600 Fotografien ; 25.6 cm x 19.6 cm, 1708 g |
| Format: | Buch |
| Sprache: | Deutsch |
| Schriftenreihe/ mehrbändiges Werk: |
300 Jahre Gräfe und Unzer ; Band 1 alle Bände anzeigen
|
| ISBN: | 9783833887574 ; 3833887575 |
| Hinweise zum Inhalt: |
Inhaltsverzeichnis
|
alg: 50042527 001A $06000:13-10-22 001B $03025:16-03-26 $t15:06:04.000 001D $06000:13-10-22 001U $0utf8 001X $00 002@ $0Afx 002C $aText $btxt $2rdacontent 002D $aohne Hilfsmittel zu benutzen $bn $2rdamedia 002E $aBand $bnc $2rdacarrier 003@ $0500425272 004A $A978-3-8338-8757-4 $fGewebe in Behältnis : EUR 98.00 (DE), EUR 100.90 (AT), CHF 132.00 (freier Preis) 004A $03-8338-8757-5 004E/01 $0978-3-8338-8757-4 $lBestellnummer 004E/01 $00088757 $lBestellnummer 004E/01 $047528 $lBestellnummer 004K $09783833887574 006C $01313911674 $aOCoLC 006G $01256453641 006H $0TOCNEUA2241 $2DNB 006U $022,N18 $f20220429 007A $01256453641 $aDNB 009P $qapplication/pdf $A2 $3Inhaltsverzeichnis $uhttps://d-nb.info/1256453641/04 $mB:DE-101 010@ $ager 011@ $a2022 $n2022 021A $aSortiments- und Verlagsgeschichte von 1722 bis 1950 $hMichael Knoche 027A $a300 Jahre GRÄFE UND UNZER: Illustrierte Chronik des Verlages ; Band 1 Sortiments- und Verlagsgeschichte von 1722 bis 1950 / Michael Knoche, Georg Kessler 028A $BVerfasser $#Knoche, Michel $4aut $7132028379 $8Knoche, Michael$Z1951- [Tp1] $9180726633 032@ $a1. Auflage 033A $pMünchen $nGRÄFE UND UNZER Edition 034D $a368 Seiten 034I $a25.6 cm x 19.6 cm, 1708 g 034M $a600 Fotografien 036C $a300 Jahre Gräfe und Unzer $x11 $lBand 1 036D $x11 $8300 Jahre Gräfe und Unzer : 1722-2022 $9503981672 044K $#Königsberg Preußen $#Königsberg i. Pr. $#Königsberg Pr. $#Königsberg Pr. $#Königsberg in Ostpreußen $#Königsberg Ostpreußen $#Königsberg (Pr.) $#Königsberg Pregel $#Stadtgemeinde Königsberg $#Königsbergk $#Kaliningrad $#Karaliánčins $#Krulevec $#Karaláuczuje $#Królewiec $#Karaliaučius $#Regimontanus $#Regiomontium $#Regiomontum $#Regiomontum Borussiae $#Калининград $74031541-1 $8Königsberg [Tg1] $908508364X 044K $#Ostpreußen $#Ostpreußen $#Provinz Ostpreußen $74075754-7 $8Ostpreußen [Tg1] $9085214493 044K $#Gräfe-und-Unzer-Verlag $#GU $#Gräfe und Unzer Verlag GmbH $#Gräfe & Unzer, Buchhandlung $#Gräfe & Unzer's Verlag $#Gräfe & Unzer'sche Buch- und Antiquar-Handlung $#Gräfe und Unzer Edition $#Gräfe et Unzer $72030564-3 $8Gräfe und Unzer [Tb1] $9042830087 044K $RVerlag $#Verlag Programm $74295100-8 $8Verlagsprogramm [Ts1] $9086606352 045E $c900 045F $a002.0943070903 $eDDC23BSB 045F/01 $a002.09 045F/03 $f0903 045F/03 $f0904 045F/03 $g4307 045F/03 $g43 045F/03 $g43832 045R $aGeschichte 1722-1950 lok: 50042527 78 exp: 50042527 78 1 #EPN 201B/01 $016-03-26 $t13:41:24.000 201C/01 $016-03-26 201U/01 $0utf8 203@/01 $01337581062 208@/01 $a16-03-26 $be 209A/01 $a/ $f000 $x00 209A/01 $ab*p $x01 220C/01 $apgar 244Z/01 $#Preußen $#Preußen $#Brandenburg-Preußen $#Königreich Preußen $#Preußische Staaten $#Preußischer Staat $#Der @Preußische Staat $#Königlich Preußische Staaten $#Prusy Królewskie $#Königlich Preußen $#Prussia $74047194-9 $8--Tg1--Preußen $x06 $9085131652 247C/01 $82080>Marburg/Lahn, Herder-Institut, Forschungsbibliothek, Bibliographieportal $9336309341
| LEADER | 00000cam a22000002cc4500 | ||
|---|---|---|---|
| 001 | 500425272 | ||
| 003 | DE-603 | ||
| 005 | 20260316150604.0 | ||
| 007 | tu | ||
| 008 | 221013s2022 xx |||| | u00||u|ger | ||
| 015 | |a 22,N18 |2 dnb | ||
| 016 | 7 | |2 DE-101 |a 1256453641 | |
| 020 | |a 9783833887574 |c Gewebe in Behältnis : EUR 98.00 (DE), EUR 100.90 (AT), CHF 132.00 (freier Preis) | ||
| 020 | |a 3833887575 | ||
| 024 | 3 | |a 9783833887574 | |
| 028 | 5 | 2 | |a 978-3-8338-8757-4 |
| 028 | 5 | 2 | |a 0088757 |
| 028 | 5 | 2 | |a 47528 |
| 035 | |a (DE-599)DNB1256453641 | ||
| 040 | |a DE-603 |b ger |c DE-603 |d DE-603 | ||
| 041 | |a ger | ||
| 082 | 0 | 4 | |8 1\u |a 002.0943070903 |q DE-101 |2 23/BSB |
| 084 | |a 900 |q DE-101 |2 sdnb | ||
| 085 | |8 1\u |b 002.09 | ||
| 085 | |8 1\u |z 1 |s 0903 | ||
| 085 | |8 1\u |z 1 |s 0904 | ||
| 085 | |8 1\u |z 2 |s 4307 | ||
| 085 | |8 1\u |z 2 |s 43 | ||
| 085 | |8 1\u |z 2 |s 43832 | ||
| 100 | 1 | |a Knoche, Michael |d 1951- |e Verfasser |4 aut |0 (DE-603)180726633 |0 (DE-588)132028379 |2 gnd | |
| 245 | 0 | 0 | |a 300 Jahre Gräfe und Unzer |n Band 1 |p Sortiments- und Verlagsgeschichte von 1722 bis 1950 / Michael Knoche |
| 246 | 1 | 3 | |a 300 Jahre GRÄFE UND UNZER: Illustrierte Chronik des Verlages ; Band 1 Sortiments- und Verlagsgeschichte von 1722 bis 1950 / Michael Knoche, Georg Kessler |
| 250 | |a 1. Auflage | ||
| 264 | 1 | |a München |b GRÄFE UND UNZER Edition |c 2022 | |
| 300 | |a 368 Seiten |b 600 Fotografien |c 25.6 cm x 19.6 cm, 1708 g | ||
| 336 | |a Text |b txt |2 rdacontent | ||
| 337 | |a ohne Hilfsmittel zu benutzen |b n |2 rdamedia | ||
| 338 | |a Band |b nc |2 rdacarrier | ||
| 610 | 1 | 7 | |a Gräfe und Unzer |2 gnd |0 (DE-588)2030564-3 |0 (DE-603)042830087 |
| 648 | 7 | |a Geschichte 1722-1950 |2 gnd | |
| 650 | 7 | |a Verlagsprogramm |0 (DE-588)4295100-8 |0 (DE-603)086606352 |2 gnd | |
| 651 | 7 | |a Königsberg |0 (DE-588)4031541-1 |0 (DE-603)08508364X |2 gnd | |
| 651 | 7 | |a Ostpreußen |0 (DE-588)4075754-7 |0 (DE-603)085214493 |2 gnd | |
| 773 | 0 | 8 | |q 11 |w (DE-603)503981672 |
| 856 | 4 | 2 | |m B:DE-101 |q application/pdf |u https://d-nb.info/1256453641/04 |3 Inhaltsverzeichnis |
| 924 | 0 | |9 2080 |a (DE-603)1337581062 |b DE-2080 |c HES |d d |g / | |
alle Bände anzeigen

